[Event "IND-ch U25"]
[Site "Calicut"]
[Date "2013.10.03"]
[Round "3"]
[White "Gusain, Himal"]
[Black "Saksham, Dewan"]
[Result "1/2-1/2"]
[WhiteElo "2307"]
[BlackElo "1812"]
[PlyCount "146"]
[EventDate "2013.10.02"]
[EventType "swiss"]
[EventRounds "9"]
[EventCountry "IND"]
[SourceTitle "EXT 2014"]
[Source "ChessBase"]
[SourceDate "2013.11.20"]
[SourceVersion "1"]
[SourceVersionDate "2013.11.20"]
[SourceQuality "1"]

1. e4 c5 2. Nf3 Nc6 3. d4 cxd4 4. Nxd4 g6 5. Nc3 Bg7 6. Be3 Nf6 7. Bc4 Qa5 8. 0-0 0-0 9. h3 Qb4 10. Bb3 d6 11. Re1 Bd7 12. a3 Qa5 13. Qd3 Rac8 14. Nd5 Nxd5 15. exd5 Ne5 16. Qe2 b5 17. Rad1 Bf6 18. c3 Rfe8 19. Nf3 Nc4 20. Bd4 Kg7 21. a4 Qc7 22. axb5 Bxb5 23. Qc2 a6 24. Re4 Qb7 25. Nd2 Nxd2 26. Qxd2 Bd7 27. Bxf6+ exf6 28. Rb4 Qa7 29. Ra1 Rb8 30. Rh4 g5 31. Rb4 Rxb4 32. cxb4 Bb5 33. Bd1 Re5 34. Bf3 Qe7 35. Qc3 Qe8 36. Kh2 Qe7 37. Qd2 Qa7 38. Rc1 Qb7 39. Rc3 Qb8 40. g3 Qe8 41. Qd4 Re1 42. Rc7 Re7 43. Rc6 Bxc6 44. dxc6 Qd8 45. Kg2 Qc7 46. Qd3 Qa7 47. Qxd6 Rc7 48. Bg4 Qb6 49. Bd7 Ra7 50. Kg1 Rc7 51. Kg2 Ra7 52. h4 h6 53. hxg5 hxg5 54. Kf1 Qb5+ 55. Kg2 Qb6 56. f3 Rc7 57. Kh3 Ra7 58. Kg4 Ra8 59. Bf5 Rd8 60. Qc5 Qc7 61. Kh3 Rb8 62. Bd3 Rb6 63. b5 axb5 64. Bxb5 Rb8 65. b4 Rh8+ 66. Kg2 Qd8 67. Be2 Qc8 68. Bf1 Qe6 69. Kg1 Qa2 70. Bg2 Qb1+ 71. Kf2 Qb2+ 72. Kg1 Qb1+ 73. Bf1 Qb2 1/2-1/2

[Event "IND-ch U15"]
[Site "New Delhi"]
[Date "2010.09.04"]
[Round "1"]
[White "Viani, Antonio Dcunha"]
[Black "Saksham, Dewan"]
[Result "1-0"]
[WhiteElo "2222"]
[BlackElo "1664"]
[PlyCount "73"]
[EventDate "2010.09.04"]
[EventType "swiss"]
[EventRounds "11"]
[EventCountry "IND"]
[SourceTitle "CBM 138 Extra"]
[Source "ChessBase"]
[SourceDate "2010.10.29"]
[SourceVersion "1"]
[SourceVersionDate "2010.10.29"]
[SourceQuality "1"]

1. e4 c5 2. Nf3 Nc6 3. c3 g6 4. d4 cxd4 5. cxd4 d5 6. exd5 Qxd5 7. Nc3 Qa5 8. d5 Nb8 9. Bb5+ Bd7 10. Bxd7+ Nxd7 11. 0-0 Ngf6 12. Re1 Nb6 13. d6 e6 14. Ne5 Bg7 15. Qf3 Rb8 16. Bg5 Nbd7 17. Ne4 Qd8 18. Nxd7 Qxd7 19. Bxf6 0-0 20. Bxg7 Kxg7 21. Qf6+ Kg8 22. Qe7 Qb5 23. d7 Qxb2 24. Nf6+ Kg7 25. Ne8+ Kg8 26. Rad1 Qc3 27. d8Q Rxd8 28. Qxd8 Qc6 29. Nf6+ Kg7 30. Nh5+ gxh5 31. Qg5+ Kh8 32. Qf6+ Kg8 33. Rd3 Rc8 34. Red1 Qc7 35. Rd8+ Rxd8 36. Rxd8+ Qxd8 37. Qxd8+ 1-0